[Event "DEM U12/U12w 2004"]
[Site "Willingen GER"]
[Date "2004.06.02"]
[Round "6"]
[White "Gröger, Eric"]
[Black "Wolf, Isaak"]
[Result "1-0"]
[Termination "normal"]
[Board "31"]
[WhiteElo "1428"]
[BlackElo "1262"]
[PlyCount "121"]
[EventCountry "GER"]
[EventRounds "11"]
[EventType "swiss"]
[EventDate "2004.05.29"]

1. d4 d5 2. c4 e6 3. Nf3 Nf6 4. Nc3 Be7 5. Bg5 O-O 6. e3 Nbd7 7. Rc1 b6 8. cxd5
Nxd5 9. Nxd5 exd5 10. Bf4 Bb4+ 11. Nd2 c5 12. a3 Ba5 13. Be2 Bb7 14. O-O Re8
15. Nb3 Rc8 16. Nxa5 bxa5 17. Bg4 c4 18. Qa4 Bc6 19. Qc2 Qb6 20. Qd2 Rcd8 21.
Bf3 Nf6 22. Rc3 a6 23. Rfc1 a4 24. Bg5 Bb5 25. Re1 Rb8 26. Bxf6 Qxf6 27. e4
dxe4 28. Bxe4 Rbd8 29. d5 Re7 30. Rce3 Rde8 31. d6 Re6 32. d7 Rd8 33. Rf3 Qe7
34. Qc2 g6 35. Rfe3 Rxd7 36. Qc3 Qf6 37. Qxf6 Rxf6 38. R3e2 c3 39. Rc2 cxb2 40.
Rxb2 Re6 41. Rbb1 Rde7 42. f3 f5 43. Bd5 Bd7 44. Rb6 Kf7 45. Kf2 Kf6 46. Bxe6
Rxe6 47. Rexe6+ Bxe6 48. Rxa6 Ke5 49. Rxa4 h5 50. Rb4 g5 51. a4 g4 52. f4+ Kf6
53. a5 Bd5 54. a6 Ba8 55. a7 Kg6 56. Rb8 Be4 57. a8=Q Bxa8 58. Rxa8 h4 59. Rh8
g3+ 60. hxg3 hxg3+ 61. Kxg3 1-0

[Event "DEM U12/U12w 2004"]
[Site "Willingen GER"]
[Date "2004.06.02"]
[Round "6"]
[White "Schnieber, Jacqueline"]
[Black "Hinz, Arne"]
[Result "1/2-1/2"]
[Termination "normal"]
[Board "32"]
[WhiteElo "1140"]
[BlackElo "1524"]
[PlyCount "41"]
[BlackFideId "24634875"]
[EventCountry "GER"]
[EventRounds "11"]
[EventType "swiss"]
[EventDate "2004.05.29"]

1. e4 e5 2. Nf3 Nf6 3. Nxe5 d6 4. Nf3 Nxe4 5. Bd3 Nf6 6. O-O Be7 7. h3 O-O 8.
Re1 Nc6 9. c3 h6 10. Bc2 Be6 11. d4 d5 12. Nbd2 Bd6 13. Ne5 Nd7 14. Ndf3 Ndxe5
15. Nxe5 Nxe5 16. dxe5 Bc5 17. Qd3 f5 18. Qg3 Kh8 19. Kh1 Qe8 20. f4 Rd8 21. b4
1/2-1/2

[Event "DEM U12/U12w 2004"]
[Site "Willingen GER"]
[Date "2004.06.02"]
[Round "6"]
[White "Kohm, Vanessa"]
[Black "Kamrla, Robin"]
[Result "1-0"]
[Termination "normal"]
[Board "33"]
[WhiteElo "1315"]
[BlackElo "1435"]
[PlyCount "62"]
[WhiteFideId "4674472"]
[EventCountry "GER"]
[EventRounds "11"]
[EventType "swiss"]
[EventDate "2004.05.29"]

1. e4 c5 2. Nf3 Nc6 3. Bb5 d6 4. O-O e5 5. h3 Nf6 6. Re1 Be7 7. Nc3 Be6 8. d3
O-O 9. Bxc6 bxc6 10. Bg5 Kh8 11. b3 Rg8 12. Kh1 Rb8 13. Qc1 h6 14. Be3 Qf8 15.
Rg1 g5 16. Ne2 Nh5 17. g4 Nf4 18. Nxf4 gxf4 19. Bd2 Qg7 20. Nh2 Qh7 21. f3 h5
22. Qf1 Rg5 23. Be1 hxg4 24. fxg4 Rbg8 25. Qf3 d5 26. Bc3 Qg6 27. Rg2 Qg7 28.
Rag1 dxe4 29. dxe4 Bd6 30. Qd3 Bc7 31. Qa6 f5 1-0

[Event "DEM U12/U12w 2004"]
[Site "Willingen GER"]
[Date "2004.06.02"]
[Round "6"]
[White "Wisheckel, Lena"]
[Black "Cornish, Alexander"]
[Result "0-1"]
[Termination "normal"]
[Board "34"]
[WhiteElo "1259"]
[BlackElo "1404"]
[PlyCount "68"]
[WhiteFideId "24691992"]
[EventCountry "GER"]
[EventRounds "11"]
[EventType "swiss"]
[EventDate "2004.05.29"]

1. e4 e6 2. Nc3 d5 3. exd5 exd5 4. Nf3 Nf6 5. g3 Bg4 6. Bg2 c6 7. O-O Be7 8. d4
O-O 9. Qd3 Nbd7 10. Re1 Bd6 11. Bd2 Qc7 12. a3 a5 13. b3 Rfe8 14. a4 Bb4 15.
Na2 Bd6 16. Nc3 g6 17. Rac1 Bf5 18. Qf1 Rxe1 19. Bxe1 Re8 20. Nd2 Ba3 21. Ra1
Bb2 22. Ra2 Bxc3 23. Nf3 Ne4 24. Kh1 Bxe1 25. Nxe1 Nd2 26. Qg1 Nf6 27. f3 Qe7
28. Ra1 Qb4 29. g4 Bxg4 30. fxg4 Nxg4 31. Bxd5 cxd5 32. Qxg4 Qc3 33. Rc1 Nxb3
34. Nd3 Nxc1 0-1

[Event "DEM U12/U12w 2004"]
[Site "Willingen GER"]
[Date "2004.06.02"]
[Round "6"]
[White "Günnigmann, Manuel"]
[Black "Prosch, Julia"]
[Result "1-0"]
[Termination "normal"]
[Board "35"]
[WhiteElo "1383"]
[BlackElo "1300"]
[PlyCount "37"]
[WhiteFideId "24640360"]
[EventCountry "GER"]
[EventRounds "11"]
[EventType "swiss"]
[EventDate "2004.05.29"]

1. e4 c5 2. Nf3 Nc6 3. d4 cxd4 4. Nxd4 g6 5. Nc3 Bg7 6. Be3 Nf6 7. Bc4 O-O 8.
Qd2 Qa5 9. O-O-O e6 10. Bb3 Qb4 11. a3 Qa5 12. f3 Nxd4 13. Bxd4 Qh5 14. Be3 b6
15. h4 Bb7 16. g4 Qe5 17. g5 Nxe4 18. fxe4 Bxe4 19. Bf4 1-0

[Event "DEM U12/U12w 2004"]
[Site "Willingen GER"]
[Date "2004.06.02"]
[Round "6"]
[White "Voss, Chantal"]
[Black "Dürre, Gregor"]
[Result "1-0"]
[Termination "normal"]
[Board "36"]
[WhiteElo "1247"]
[BlackElo "1370"]
[PlyCount "75"]
[WhiteFideId "4664906"]
[EventCountry "GER"]
[EventRounds "11"]
[EventType "swiss"]
[EventDate "2004.05.29"]

1. d4 d5 2. c4 e6 3. Nc3 Nf6 4. Bg5 Nbd7 5. e3 Be7 6. Qc2 O-O 7. cxd5 exd5 8.
Bd3 Re8 9. Nge2 Nf8 10. O-O b6 11. Rae1 a6 12. f3 Bb7 13. e4 c6 14. Nf4 h6 15.
Bxf6 Bxf6 16. e5 Bg5 17. Nfe2 Bc8 18. Na4 b5 19. Nc5 Bd7 20. Nb7 Qc7 21. Nc5
Be7 22. f4 Bxc5 23. Qxc5 Bg4 24. Rc1 Rac8 25. Ng3 Bd7 26. f5 Red8 27. Rce1 Re8
28. Nh5 Rb8 29. b4 Qb6 30. Qc3 Ra8 31. Bc2 a5 32. a3 axb4 33. axb4 Ra7 34. Rd1
Rea8 35. Qg3 g5 36. fxg6 fxg6 37. Bxg6 Kh8 38. Rf7 1-0

[Event "DEM U12/U12w 2004"]
[Site "Willingen GER"]
[Date "2004.06.02"]
[Round "6"]
[White "Knöchel, Sarah"]
[Black "Müller, Anna-Louise"]
[Result "0-1"]
[Termination "normal"]
[Board "38"]
[WhiteElo "1211"]
[BlackElo "1349"]
[PlyCount "124"]
[BlackFideId "4633512"]
[EventCountry "GER"]
[EventRounds "11"]
[EventType "swiss"]
[EventDate "2004.05.29"]

1. e4 c5 2. Nf3 d6 3. d4 cxd4 4. Nxd4 Nf6 5. f3 g6 6. Nc3 Bg7 7. Be3 O-O 8. Qd2
Nc6 9. O-O-O Nxd4 10. Bxd4 Be6 11. h4 h5 12. Be2 a6 13. a3 Rc8 14. Kb1 Bc4 15.
Rhg1 Bxe2 16. Nxe2 b5 17. Nc3 Qd7 18. Qd3 Rb8 19. e5 dxe5 20. Bxe5 Qxd3 21.
Rxd3 Rbd8 22. Rgd1 Rxd3 23. Rxd3 Rc8 24. Re3 Rd8 25. Kc1 e6 26. Ne2 Bh6 27. Nf4
Nd5 28. Rd3 f6 29. Bc7 Rd7 30. Bb8 e5 31. g3 exf4 32. Bxf4 Bxf4+ 33. gxf4 Nb6
34. Rxd7 Nxd7 35. b3 Nb6 36. Kb2 Kf7 37. Kc3 Nd5+ 38. Kd4 Nxf4 39. Kc5 g5 40.
hxg5 fxg5 41. Kb6 h4 42. Kxa6 h3 43. Kxb5 h2 44. c4 h1=Q 45. c5 Qxf3 46. b4
Qb7+ 47. Ka5 Ne6 48. Ka4 Qc6+ 49. Kb3 Nxc5+ 50. bxc5 Qxc5 51. Ka4 Qxa3+ 52.
Kxa3 g4 53. Kb3 g3 54. Kc2 g2 55. Kd2 g1=Q 56. Ke2 Qg3 57. Kf1 Qh2 58. Ke1 Ke6
59. Kd1 Kd5 60. Ke1 Ke4 61. Kd1 Kd3 62. Ke1 Qg1# 0-1

[Event "DEM U12/U12w 2004"]
[Site "Willingen GER"]
[Date "2004.06.02"]
[Round "6"]
[White "Hohmann, Louisa"]
[Black "Dietrich, Stefan"]
[Result "1-0"]
[Termination "normal"]
[Board "39"]
[WhiteElo "1339"]
[BlackElo "1176"]
[PlyCount "89"]
[EventCountry "GER"]
[EventRounds "11"]
[EventType "swiss"]
[EventDate "2004.05.29"]

1. e4 e5 2. Nf3 Nc6 3. Bc4 Bc5 4. c3 Nf6 5. d4 exd4 6. cxd4 Bb4+ 7. Bd2 Bxd2+
8. Nbxd2 d5 9. exd5 Nxd5 10. O-O O-O 11. Nb3 Be6 12. Re1 Qf6 13. Ne5 Nxe5 14.
dxe5 Qd8 15. Nc5 c6 16. Nxb7 Qb6 17. Nd6 Qxb2 18. Qc1 Qd4 19. Bb3 f6 20. exf6
Qxf6 21. Ne4 Qf7 22. Qxc6 Rac8 23. Qb5 Nc3 24. Bxe6 Qxe6 25. Nxc3 Qf6 26. Ne4
Qd4 27. Rad1 Qb6 28. Qxb6 axb6 29. Rc1 Rxc1 30. Rxc1 Re8 31. Nd6 Rd8 32. Nb5 h6
33. f3 Rd2 34. Rc6 Rxa2 35. Rxb6 Rb2 36. Rb7 Kf8 37. Nd6 Rd2 38. Nf5 Rd5 39.
Nxg7 Kg8 40. Ne6 Re5 41. Rg7+ Kh8 42. Rg6 h5 43. Ng5 Re7 44. Rh6+ Kg7 45. Rh7+
1-0

[Event "DEM U12/U12w 2004"]
[Site "Willingen GER"]
[Date "2004.06.02"]
[Round "6"]
[White "Hort, Maria"]
[Black "Sancar, Kenan"]
[Result "1-0"]
[Termination "normal"]
[Board "40"]
[WhiteElo "1082"]
[BlackElo "1367"]
[PlyCount "77"]
[BlackFideId "24647543"]
[EventCountry "GER"]
[EventRounds "11"]
[EventType "swiss"]
[EventDate "2004.05.29"]

1. e4 e5 2. Nf3 Nc6 3. Bc4 Bc5 4. b4 Bxb4 5. c3 Bc5 6. d4 exd4 7. O-O dxc3 8.
Qb3 Qe7 9. Bg5 f6 10. Bh4 g5 11. Bg3 Na5 12. Qxc3 Nxc4 13. Qxc4 d6 14. Re1 Be6
15. Qb5+ c6 16. Qd3 h5 17. h4 O-O-O 18. Nc3 Bb6 19. a4 a6 20. Rab1 Ba7 21. Rb2
Nh6 22. Reb1 Rd7 23. Nd4 Bxd4 24. Qxd4 c5 25. Qd3 f5 26. exf5 Bxf5 27. Qd5 Bxb1
28. Rxb1 Re8 29. hxg5 Ng4 30. Qd2 Qe6 31. Nd5 Rf7 32. Nb6+ Kd8 33. Bxd6 Qe7 34.
Bxe7+ Kxe7 35. Qd7+ Kf8 36. Qd3 Rxf2 37. Nd7+ Kf7 38. Qh7+ Ke6 39. Re1+ 1-0

[Event "DEM U12/U12w 2004"]
[Site "Willingen GER"]
[Date "2004.06.02"]
[Round "6"]
[White "Stognief, Ole"]
[Black "Oat, Daniela"]
[Result "0-1"]
[Termination "normal"]
[Board "41"]
[WhiteElo "1292"]
[BlackElo "943"]
[PlyCount "104"]
[EventCountry "GER"]
[EventRounds "11"]
[EventType "swiss"]
[EventDate "2004.05.29"]

1. e4 c5 2. Nf3 d6 3. Bb5+ Bd7 4. Bxd7+ Nxd7 5. d3 g6 6. Nc3 Bg7 7. O-O Ngf6 8.
Be3 O-O 9. Re1 Ng4 10. Bf4 Nge5 11. h3 Nxf3+ 12. Qxf3 Nf6 13. Rad1 b6 14. Be3
e6 15. d4 c4 16. Bg5 Re8 17. e5 dxe5 18. dxe5 Qc7 19. exf6 Bf8 20. Nb5 Qc5 21.
a4 Qxg5 22. Nc7 Rac8 23. Nxe8 Rxe8 24. Qc6 Rb8 25. Qc7 Re8 26. Rd8 Rxd8 27.
Qxd8 Qa5 28. Ra1 Qe5 29. c3 Qe4 30. Qd4 Qf5 31. Rd1 Bc5 32. Qd8+ Bf8 33. g4 Qf3
34. Rd4 Qxh3 35. Rxc4 Qh6 36. Rc8 Qc1+ 37. Kg2 Qh6 38. Kg3 e5 39. Rc4 g5 40.
Re4 Qh4+ 41. Kg2 h5 42. f3 hxg4 43. fxg4 Qh6 44. Rxe5 Kh7 45. Re3 Qg6 46. Qxf8
Qc2+ 47. Kf3 Qd1+ 48. Re2 Qf1+ 49. Rf2 Qh1+ 50. Kg3 Qg1+ 51. Rg2 Qe1+ 52. Kh3
Qh4# 0-1

[Event "DEM U12/U12w 2004"]
[Site "Willingen GER"]
[Date "2004.06.02"]
[Round "6"]
[White "Pantusenko, Valeria"]
[Black "Tantzen, Cedric"]
[Result "1-0"]
[Termination "normal"]
[Board "42"]
[WhiteElo "1217"]
[BlackElo "1266"]
[PlyCount "91"]
[WhiteFideId "4662920"]
[BlackFideId "24640018"]
[EventCountry "GER"]
[EventRounds "11"]
[EventType "swiss"]
[EventDate "2004.05.29"]

1. e4 e5 2. Nf3 Nc6 3. Nc3 Bc5 4. Nxe5 Nxe5 5. d4 Bd6 6. dxe5 Bxe5 7. Bc4 Nf6
8. Qd3 d6 9. Nd5 O-O 10. Bg5 Bxb2 11. Rb1 Be5 12. f4 h6 13. fxe5 hxg5 14. exf6
c6 15. Ne7+ Kh8 16. fxg7+ Kxg7 17. Nxc8 Rxc8 18. Rxb7 Qa5+ 19. c3 Rb8 20. Rxb8
Rxb8 21. O-O Qc5+ 22. Qd4+ Qxd4+ 23. cxd4 f6 24. a3 Re8 25. Bd3 Rb8 26. Rb1
Rxb1+ 27. Bxb1 Kf7 28. Kf2 c5 29. d5 Kg7 30. g4 Kf8 31. Ke3 Ke7 32. Kd3 Kd7 33.
Kc4 a6 34. a4 Kc7 35. a5 Kb7 36. Bd3 Kc7 37. Kc3 Kb7 38. Kd2 Ka7 39. Ke3 Kb7
40. Kf3 Ka7 41. Kg3 Kb7 42. h4 gxh4+ 43. Kxh4 Ka7 44. Kh5 Kb7 45. Kg6 f5 46.
gxf5 1-0

[Event "DEM U12/U12w 2004"]
[Site "Willingen GER"]
[Date "2004.06.02"]
[Round "6"]
[White "Khitov, Roman"]
[Black "Wild, Katharina"]
[Result "0-1"]
[Termination "normal"]
[Board "43"]
[WhiteElo "957"]
[BlackElo "1249"]
[PlyCount "120"]
[BlackFideId "24678015"]
[EventCountry "GER"]
[EventRounds "11"]
[EventType "swiss"]
[EventDate "2004.05.29"]

1. e4 c6 2. d4 d5 3. Nc3 dxe4 4. Nxe4 Bf5 5. Ng3 Bg6 6. Nf3 e6 7. Bc4 Qc7 8.
Be3 Nf6 9. Bd3 Bxd3 10. Qxd3 Bd6 11. Ne4 Nxe4 12. Qxe4 Nd7 13. Ng5 Nf6 14. Qh4
h6 15. Ne4 Nxe4 16. Qxe4 Qa5+ 17. c3 Qf5 18. Qxf5 exf5 19. O-O-O O-O-O 20. h3
f4 21. Bd2 g5 22. Rhg1 Rhe8 23. Rde1 f6 24. Kd1 c5 25. d5 c4 26. b3 Bc5 27.
Rgf1 cxb3 28. axb3 Rxe1+ 29. Rxe1 Rxd5 30. f3 Be3 31. Re2 b5 32. Kc2 Bxd2 33.
Rxd2 Rxd2+ 34. Kxd2 a5 35. Kc2 Kb7 36. Kb2 Kb6 37. Ka3 f5 38. Kb2 h5 39. Kc2
Kc5 40. Kd3 a4 41. bxa4 bxa4 42. Kc2 Kc4 43. Kd2 a3 44. Kc2 a2 45. Kb2 a1=Q+
46. Kxa1 Kxc3 47. Kb1 Kd2 48. Kb2 Ke2 49. Kc2 Kf2 50. Kd2 Kxg2 51. Ke2 Kxh3 52.
Kf2 g4 53. fxg4 fxg4 54. Kg1 f3 55. Kh1 g3 56. Kg1 g2 57. Kf2 Kh2 58. Kxf3 g1=Q
59. Kf4 Kh3 60. Kf3 Qf1+ 0-1

[Event "DEM U12/U12w 2004"]
[Site "Willingen GER"]
[Date "2004.06.02"]
[Round "6"]
[White "Rummer, Bärbel"]
[Black "Kopp, Nico"]
[Result "0-1"]
[Termination "normal"]
[Board "45"]
[WhiteElo "1054"]
[BlackElo "1336"]
[PlyCount "84"]
[WhiteFideId "12900109"]
[BlackFideId "24608092"]
[EventCountry "GER"]
[EventRounds "11"]
[EventType "swiss"]
[EventDate "2004.05.29"]

1. b4 e6 2. Bb2 Nf6 3. a3 d5 4. Nf3 Bd7 5. e3 Bd6 6. Be2 Nc6 7. O-O e5 8. d3
O-O 9. Nbd2 Ne7 10. Nxe5 a5 11. Nxd7 Qxd7 12. bxa5 Rxa5 13. Qc1 Rfa8 14. d4 Ng6
15. c4 b6 16. cxd5 Nxd5 17. Nc4 R5a7 18. Nxd6 Qxd6 19. e4 Ndf4 20. Bf3 Nh4 21.
g3 Nxf3+ 22. Kh1 Nd3 23. Qc3 Nxb2 24. Qxb2 Qxd4 25. Qxd4 Nxd4 26. Rfd1 Nb3 27.
Ra2 h6 28. Rc2 Nc5 29. f3 Rxa3 30. Kg2 Ra2 31. Rxa2 Rxa2+ 32. Kf1 Rxh2 33. Rd8+
Kh7 34. Rc8 Ne6 35. Ra8 Rb2 36. Ra3 c5 37. Ke1 b5 38. Kd1 b4 39. Rd3 c4 40. Kc1
c3 41. Re3 Rg2 42. f4 Nc5 0-1

[Event "DEM U12/U12w 2004"]
[Site "Willingen GER"]
[Date "2004.06.02"]
[Round "6"]
[White "Dannhorn, Anna"]
[Black "Becher, Anne"]
[Result "0-1"]
[Termination "normal"]
[Board "46"]
[WhiteElo "1085"]
[BlackElo "1259"]
[PlyCount "96"]
[EventCountry "GER"]
[EventRounds "11"]
[EventType "swiss"]
[EventDate "2004.05.29"]

1. e4 c5 2. Nf3 d6 3. Bb5+ Bd7 4. Bxd7+ Qxd7 5. O-O Nf6 6. Nc3 g6 7. d3 Bg7 8.
Be3 Nc6 9. d4 cxd4 10. Nxd4 Ne5 11. h3 Rc8 12. Rb1 Nc4 13. Bd2 Nxe4 14. Nxe4
Bxd4 15. c3 Bg7 16. Bg5 Qf5 17. f3 d5 18. Qa4+ Kf8 19. g4 Qe6 20. Nc5 Rxc5 21.
Rfe1 Ra5 22. Qb4 Qb6+ 23. Qxb6 Nxb6 24. Bxe7+ Kg8 25. Bg5 Bf8 26. Bf6 Rxa2 27.
Bxh8 Kxh8 28. Red1 Kg7 29. Kg2 Bd6 30. h4 h5 31. Kh3 Ra4 32. b3 Rf4 33. Rf1 Be5
34. Ra1 a6 35. Rac1 Kf8 36. Kg2 hxg4 37. fxg4 Rxg4+ 38. Kh3 Rg3+ 39. Kh2 Rxc3+
40. Kg2 Rg3+ 41. Kh1 Rxb3 42. Rfe1 Bg3 43. Re2 Bxh4 44. Rc7 Nc4 45. Rc8+ Kg7
46. Rh2 g5 47. Re8 d4 48. Re4 Ne3 0-1

[Event "DEM U12/U12w 2004"]
[Site "Willingen GER"]
[Date "2004.06.02"]
[Round "6"]
[White "Aslan, Benjamin"]
[Black "Saak, Saskia"]
[Result "1-0"]
[Termination "normal"]
[Board "47"]
[WhiteElo "1232"]
[BlackElo "1084"]
[PlyCount "93"]
[WhiteFideId "24640298"]
[EventCountry "GER"]
[EventRounds "11"]
[EventType "swiss"]
[EventDate "2004.05.29"]

1. d4 Nf6 2. c4 g6 3. Nc3 Bg7 4. e4 d6 5. Nf3 O-O 6. Be2 e5 7. O-O Na6 8. d5
Nc5 9. Qc2 a5 10. Be3 Ne8 11. Bxc5 dxc5 12. Rfd1 Nd6 13. Nb5 f5 14. exf5 gxf5
15. Qd2 Bd7 16. Qe3 e4 17. Ng5 Bh6 18. Ne6 Bxe3 19. Nxd8 Bxf2+ 20. Kxf2 Bxb5
21. Nxb7 Bxc4 22. Nxc5 Bxe2 23. Kxe2 Rae8 24. g3 h6 25. Rac1 Rb8 26. b3 Rfc8
27. Rd2 c6 28. Kd1 Kg7 29. Ne6+ Kf6 30. Nc5 cxd5 31. Nd7+ Ke6 32. Nxb8 Rxb8 33.
Rc5 Rb5 34. Rdxd5 Rxc5 35. Rxc5 h5 36. Rxa5 Nf7 37. Ke2 Ng5 38. Ra6+ Ke5 39.
Rh6 f4 40. gxf4+ Kxf4 41. Rxh5 Nf3 42. Rh8 Ng5 43. Rh4+ Kf5 44. Rh5 Kf4 45.
Rxg5 Kxg5 46. Ke3 Kf5 47. h4 1-0

[Event "DEM U12/U12w 2004"]
[Site "Willingen GER"]
[Date "2004.06.02"]
[Round "6"]
[White "Eckoldt, Katja"]
[Black "Falke, Cynthia"]
[Result "1-0"]
[Termination "normal"]
[Board "48"]
[WhiteElo "1056"]
[BlackElo "1197"]
[PlyCount "107"]
[BlackFideId "24600644"]
[EventCountry "GER"]
[EventRounds "11"]
[EventType "swiss"]
[EventDate "2004.05.29"]

1. e4 e5 2. Nf3 Nc6 3. d4 exd4 4. Nxd4 Bc5 5. Be3 Nf6 6. Nxc6 bxc6 7. Bxc5 Nxe4
8. Qe2 f5 9. f3 d6 10. fxe4 dxc5 11. exf5+ Kf8 12. Qf2 Qe7+ 13. Be2 Qf6 14.
Qxc5+ Ke8 15. c3 Bb7 16. O-O Kd8 17. Qd4+ Qxd4+ 18. cxd4 Kd7 19. f6 gxf6 20.
Rxf6 Rhg8 21. Bf3 Rae8 22. Nc3 Re3 23. Rf7+ Kd6 24. Rxh7 Rxf3 25. Rf1 Rxf1+ 26.
Kxf1 Ba6+ 27. Kf2 Rg4 28. Rh6+ Kd7 29. d5 cxd5 30. Nxd5 Rd4 31. Rxa6 Rxd5 32.
Rxa7 Rd2+ 33. Kf3 Rxb2 34. h4 Rb6 35. Ra4 c5 36. h5 Rc6 37. Rc4 Ke7 38. a4 Kf6
39. Ke4 Ra6 40. Kd5 Kg7 41. Kxc5 Kh6 42. g4 Rf6 43. Kb5 Rf7 44. a5 Rb7+ 45. Kc6
Ra7 46. Kb6 Ra8 47. Rc7 Kg5 48. a6 Rb8+ 49. Rb7 Ra8 50. a7 Kh6 51. Rb8 Rxa7 52.
Kxa7 Kg5 53. Rb4 Kh6 54. Kb7 1-0

[Event "DEM U12/U12w 2004"]
[Site "Willingen GER"]
[Date "2004.06.02"]
[Round "6"]
[White "Zuyeva, Lisa"]
[Black "Kammrad, Carolin"]
[Result "0-1"]
[Termination "normal"]
[Board "49"]
[WhiteElo "1028"]
[BlackElo "1177"]
[PlyCount "42"]
[EventCountry "GER"]
[EventRounds "11"]
[EventType "swiss"]
[EventDate "2004.05.29"]

1. e4 e5 2. Nf3 Nc6 3. Bc4 Bc5 4. O-O d6 5. h3 Nf6 6. Nc3 Be6 7. Bb3 Qd7 8. d3
O-O-O 9. Bg5 h6 10. Bh4 g5 11. Bg3 Rdg8 12. Bxe6 Qxe6 13. Nh2 h5 14. h4 gxh4
15. Bxh4 Qh3 16. g3 Qxh4 17. Kg2 Rg7 18. Rh1 Rhg8 19. Nf3 Rxg3+ 20. fxg3 Qxg3+
21. Kf1 Qf2# 0-1

[Event "DEM U12/U12w 2004"]
[Site "Willingen GER"]
[Date "2004.06.02"]
[Round "6"]
[White "Thiele, Eileen"]
[Black "Mätzig, Lara Annabelle"]
[Result "1/2-1/2"]
[Termination "normal"]
[Board "50"]
[WhiteElo "894"]
[BlackElo "1136"]
[PlyCount "48"]
[EventCountry "GER"]
[EventRounds "11"]
[EventType "swiss"]
[EventDate "2004.05.29"]

1. e4 e5 2. Nf3 Nc6 3. Bc4 Bc5 4. Nc3 d6 5. d3 h6 6. h3 Nf6 7. O-O g5 8. Bd2 g4
9. hxg4 Bxg4 10. Be3 a6 11. a3 Qd7 12. Kh2 h5 13. Bg5 Nh7 14. Bh4 Nd4 15. Nd5
Rf8 16. Bg3 O-O-O 17. Bh4 f6 18. c3 Nxf3+ 19. gxf3 Be6 20. d4 Ba7 21. b4 c6 22.
Ne3 Rde8 23. Qd3 Qg7 24. Rg1 Qd7 1/2-1/2

[Event "DEM U12/U12w 2004"]
[Site "Willingen GER"]
[Date "2004.06.02"]
[Round "6"]
[White "Rau, Carla"]
[Black "Kroner, Sarah"]
[Result "1/2-1/2"]
[Termination "normal"]
[Board "51"]
[WhiteElo "929"]
[BlackElo "889"]
[PlyCount "39"]
[EventCountry "GER"]
[EventRounds "11"]
[EventType "swiss"]
[EventDate "2004.05.29"]

1. e4 e5 2. Nf3 Nc6 3. d4 exd4 4. Bc4 Nf6 5. e5 Ng4 6. c3 Ngxe5 7. Nxe5 Nxe5 8.
Bb3 dxc3 9. Nxc3 Bc5 10. Qd5 d6 11. Bf4 Qh4 12. O-O Qxf4 13. Nb5 O-O 14. g3
Nf3+ 15. Kh1 Qg4 16. Bc2 Be6 17. Qd3 Qh5 18. h4 Bf5 19. Qxf5 Qxf5 20. Bxf5
1/2-1/2

[Event "DEM U12/U12w 2004"]
[Site "Willingen GER"]
[Date "2004.06.04"]
[Round "9"]
[White "Heimann, Andreas"]
[Black "Zelbel, Patrick"]
[Result "1-0"]
[Termination "normal"]
[Board "1"]
[WhiteElo "1808"]
[BlackElo "1618"]
[PlyCount "57"]
[WhiteFideId "24624632"]
[BlackFideId "24624322"]
[EventCountry "GER"]
[EventRounds "11"]
[EventType "swiss"]
[EventDate "2004.05.29"]

1. e4 e5 2. Nf3 Nc6 3. Bc4 Nf6 4. d3 h6 5. Nc3 d6 6. Be3 Be6 7. Bxe6 fxe6 8.
O-O Be7 9. d4 exd4 10. Nxd4 Nxd4 11. Qxd4 e5 12. Qc4 Qd7 13. Rad1 Ng4 14. Bc1
Bg5 15. Nb5 Kd8 16. h3 Bxc1 17. Rxc1 Nf6 18. Rcd1 Rf8 19. f4 a6 20. Nxd6 cxd6
21. fxe5 Rc8 22. Qb3 Rc6 23. exf6 Rxf6 24. Rxf6 gxf6 25. c3 Kc7 26. Qd5 Rb6 27.
b3 Rb5 28. Qd4 Rg5 29. Qxf6 1-0

[Event "DEM U12/U12w 2004"]
[Site "Willingen GER"]
[Date "2004.06.04"]
[Round "9"]
[White "Jorczik, Julian"]
[Black "Strunski, Andreas"]
[Result "0-1"]
[Termination "normal"]
[Board "2"]
[WhiteElo "1792"]
[BlackElo "1942"]
[PlyCount "108"]
[WhiteFideId "24611719"]
[BlackFideId "24606073"]
[EventCountry "GER"]
[EventRounds "11"]
[EventType "swiss"]
[EventDate "2004.05.29"]

1. d4 d5 2. Nf3 Bf5 3. Bf4 c6 4. e3 e6 5. c4 Nf6 6. Nc3 Bd6 7. Bxd6 Qxd6 8. c5
Qc7 9. Ne5 Nbd7 10. f4 Ne4 11. Nxe4 Bxe4 12. Qd2 f6 13. Nxd7 Qxd7 14. Rg1 O-O
15. Be2 e5 16. g4 exf4 17. exf4 b6 18. Qc3 Rae8 19. Kd2 Re7 20. Rac1 Qc7 21.
Rgf1 b5 22. Rf2 a5 23. b3 b4 24. Qg3 a4 25. bxa4 Qa5 26. Qb3 Ra8 27. Bd1 Kh8
28. Re2 Rae8 29. Ke1 f5 30. gxf5 Bxf5 31. Re5 g5 32. Bh5 Bg6 33. Bxg6 hxg6 34.
Kf1 gxf4 35. Qd3 Rxe5 36. dxe5 Kg7 37. Qd4 Qa6+ 38. Kf2 Re6 39. Qxb4 Rxe5 40.
Qb2 d4 41. Qc2 Qc8 42. Qd3 Qd8 43. Rd1 Qh4+ 44. Kg2 Qg4+ 45. Kf1 f3 46. Qd2 f2
47. Kxf2 Rf5+ 48. Ke1 Qg1+ 49. Ke2 Rf2+ 50. Kd3 Rxd2+ 51. Rxd2 Qe3+ 52. Kc2
Qc3+ 53. Kd1 d3 54. Rf2 Qxc5 0-1

[Event "DEM U12/U12w 2004"]
[Site "Willingen GER"]
[Date "2004.06.04"]
[Round "9"]
[White "Kachibadze, Georg"]
[Black "Huschenbeth, Niclas"]
[Result "0-1"]
[Termination "normal"]
[Board "3"]
[WhiteElo "1865"]
[BlackElo "2100"]
[PlyCount "82"]
[WhiteFideId "24640794"]
[BlackFideId "24604747"]
[EventCountry "GER"]
[EventRounds "11"]
[EventType "swiss"]
[EventDate "2004.05.29"]

1. e4 c5 2. Nf3 d6 3. c3 Nf6 4. Be2 Bd7 5. d3 e6 6. Nbd2 Be7 7. O-O O-O 8. Re1
Nc6 9. Bf1 b5 10. d4 b4 11. dxc5 dxc5 12. c4 e5 13. Nb3 Qc7 14. Qc2 a5 15. Bg5
a4 16. Nbd2 Be6 17. Rad1 Nh5 18. Bxe7 Qxe7 19. Bd3 Nf4 20. Nf1 b3 21. axb3 Nb4
22. Qc3 Nbxd3 23. Rxd3 Nxd3 24. Qxd3 Rfd8 25. Qc3 f6 26. Ne3 axb3 27. Nd5 Qb7
28. Nd2 Rdb8 29. h4 Ra2 30. Re3 Bxd5 31. cxd5 Qb4 32. Nc4 Ra4 33. Nd2 c4 34.
Qxb4 Rbxb4 35. Rc3 Kf7 36. Kf1 Ke7 37. Ke2 Kd6 38. g3 Kc5 39. Rc1 Ra2 40. Rb1
Rb6 41. Nf3 c3 0-1

[Event "DEM U12/U12w 2004"]
[Site "Willingen GER"]
[Date "2004.06.04"]
[Round "9"]
[White "Fischer, Thomas"]
[Black "Gadschisade, Machmud"]
[Result "1/2-1/2"]
[Termination "normal"]
[Board "4"]
[WhiteElo "2041"]
[BlackElo "1605"]
[PlyCount "73"]
[WhiteFideId "4683277"]
[BlackFideId "4647734"]
[EventCountry "GER"]
[EventRounds "11"]
[EventType "swiss"]
[EventDate "2004.05.29"]

1. Nf3 d6 2. c4 e5 3. d3 g6 4. g3 Bg7 5. Bg2 f5 6. O-O Nd7 7. Nc3 Ndf6 8. e3
Ne7 9. Ne1 g5 10. f4 exf4 11. exf4 g4 12. d4 O-O 13. Be3 d5 14. Qb3 c6 15. cxd5
Nfxd5 16. Nxd5 Nxd5 17. Bxd5+ Qxd5 18. Qxd5+ cxd5 19. Nd3 Re8 20. Ne5 Be6 21.
Rac1 Rac8 22. Kf2 Bf6 23. Bd2 Rxc1 24. Rxc1 Rc8 25. Rxc8+ Bxc8 26. Bb4 Bxe5 27.
dxe5 Be6 28. b3 Kf7 29. Ke3 Ke8 30. Bc5 b6 31. Bd4 Kd7 32. Kd2 Kc6 33. Kc3 a6
34. a4 h5 35. Kb4 Bd7 36. a5 b5 37. Kc3 1/2-1/2